[Event "Cracovia Chess Festival A 2021"]
[Site "Cracow"]
[Date "2022.01.03"]
[Round "8.8"]
[White "Kokoszczynski, Jan"]
[Black "Niedbala, Bartlomiej"]
[Result "1/2-1/2"]
[WhiteElo "2273"]
[BlackElo "2385"]
[Annotator "ChessBase"]
[PlyCount "118"]
[EventDate "2021.12.27"]
[EventCountry "POL"]
[SourceTitle "playchess.com"]
[Source "ChessBase"]
[SourceQuality "1"]
[TimeControl "40/5400+30:1800+30"]

1. c4 {[%emt 0:00:02]} c5 {[%emt 0:11:20]} 2. Nc3 {[%emt 0:02:47]} Nc6 {[%emt 0:05:38]} 3. g3 {[%emt 0:02:38]} g6 {[%emt 0:00:35]} 4. Bg2 {[%emt 0:00:22]} Bg7 {[%emt 0:00:08]} 5. d3 {[%emt 0:00:44]} Nf6 {[%emt 0:06:17]} 6. e4 {[%emt 0:03:44]} O-O {[%emt 0:01:02]} 7. Nge2 {[%emt 0:00:27]} d6 {[%emt 0:04:48]} 8. O-O {[%emt 0:00:47]} a6 {[%emt 0:00:21]} 9. h3 {[%emt 0:02:11]} Rb8 {[%emt 0:02:15]} 10. a4 {[%emt 0:00:32]} Ne8 {[%emt 0:03:28]} 11. Be3 {[%emt 0:00:54]} Nc7 {[%emt 0:03:33]} 12. Rb1 {[%emt 0:07:51]} Ne6 {[%emt 0:08:04]} 13. Qd2 {[%emt 0:06:48]} Ned4 {[%emt 0:00:41]} 14. Kh2 {[%emt 0:00:56]} e6 {[%emt 0:03:53]} 15. f4 {[%emt 0:11:21]} Qd7 {[%emt 0:01:59]} 16. Bg1 {[%emt 0:05:15]} b6 {[%emt 0:04:57]} 17. b3 {[%emt 0:05:40]} Bb7 {[%emt 0:01:17]} 18. Nxd4 {[%emt 0:00:40]} Nxd4 {[%emt 0:00:31]} 19. Ne2 {[%emt 0:00:16]} Nxe2 {[%emt 0:02:47]} 20. Qxe2 {[%emt 0:00:06]} b5 {[%emt 0:02:10]} 21. axb5 {[%emt 0:03:25]} axb5 {[%emt 0:01:00]} 22. Rfd1 {[%emt 0:03:52]} Bd4 {[%emt 0:06:16]} 23. Bxd4 {[%emt 0:02:03]} cxd4 {[%emt 0:01:48]} 24. Qf2 {[%emt 0:00:27]} e5 {[%emt 0:00:44]} 25. f5 {[%emt 0:01:09]} f6 {[%emt 0:00:32]} 26. h4 {[%emt 0:00:58]} Kg7 {[%emt 0:01:46]} 27. Bh3 {[%emt 0:04:06]} Bc8 {[%emt 0:01:04]} 28. Ra1 {[%emt 0:12:20]} Rf7 {[%emt 0:06:34]} 29. Ra2 {[%emt 0:03:48]} bxc4 {[%emt 0:00:48]} 30. bxc4 {[%emt 0:02:11]} Rb3 {[%emt 0:00:50]} 31. g4 {[%emt 0:08:42]} Qe7 {[%emt 0:05:12]} 32. Bf1 {[%emt 0:02:28]} g5 {[%emt 0:02:05]} 33. hxg5 {[%emt 0:00:46]} fxg5 {[%emt 0:00:03]} 34. Be2 {[%emt 0:02:29]} Qb7 35. Rda1 {[%emt 0:02:47]} Rb2 {[%emt 0:01:49]} 36. Rxb2 {[%emt 0:00:23]} Qxb2 {[%emt 0:00:02]} 37. Ra8 {[%emt 0:00:51]} Bb7 {[%emt 0:02:19]} 38. Re8 {[%emt 0:01:01]} Bxe4 {[%emt 0:01:45]} 39. Kg3 {[%emt 0:00:06]} Qc3 {[%emt 0:04:26]} 40. Qf1 {[%emt 0:00:00]} Ra7 {[%emt 0:00:00]} 41. f6+ {[%emt 0:27:12]} Kf7 {[%emt 0:05:25]} 42. Rd8 {[%emt 0:00:03]} Bxd3 {[%emt 0:24:05]} 43. Bxd3 {[%emt 0:01:01]} e4 {[%emt 0:00:02]} 44. Rxd6 {[%emt 0:01:59]} exd3 {[%emt 0:00:08]} 45. Qh1 {[%emt 0:02:32]} d2+ {[%emt 0:03:52]} 46. Kg2 {[%emt 0:00:01]} Qc2 {[%emt 0:03:38]} 47. Qh5+ {[%emt 0:00:03]} Qg6 {[%emt 0:00:04]} 48. Qxg6+ {[%emt 0:00:15]} Kxg6 {[%emt 0:00:06]} 49. Rxd4 {[%emt 0:00:34]} Ra2 {[%emt 0:00:01]} 50. Kf3 {[%emt 0:00:07]} Kxf6 {[%emt 0:00:31]} 51. Ke3 {[%emt 0:02:11]} Rc2 {[%emt 0:00:46]} 52. Rxd2 {[%emt 0:00:54]} Rxc4 {[%emt 0:00:01]} 53. Kf3 {[%emt 0:01:39]} Rc3+ {[%emt 0:00:01]} 54. Ke4 {[%emt 0:00:33]} Ke6 {[%emt 0:01:04]} 55. Ra2 {[%emt 0:00:17]} Rc4+ {[%emt 0:00:52]} 56. Kf3 {[%emt 0:00:05]} Kd5 {[%emt 0:00:04]} 57. Ra5+ {[%emt 0:00:54]} Rc5 {[%emt 0:02:12]} 58. Rxc5+ {[%emt 0:00:36]} Kxc5 {[%emt 0:00:01]} 59. Ke4 {[%emt 0:00:04]} Kd6 {[%emt 0:00:14]} 1/2-1/2

[Event "Cracovia Chess Festival A 2021"]
[Site "Cracow"]
[Date "2022.01.03"]
[Round "8.9"]
[White "Cukrowski, Filip"]
[Black "Kacprzak, Kacper"]
[Result "1-0"]
[WhiteElo "2367"]
[BlackElo "2219"]
[Annotator "ChessBase"]
[PlyCount "46"]
[EventDate "2021.12.27"]
[EventCountry "POL"]
[SourceTitle "playchess.com"]
[Source "ChessBase"]
[SourceQuality "1"]
[TimeControl "40/5400+30:1800+30"]

1. d4 {[%emt 0:10:58]} Nf6 {[%emt 0:00:08]} 2. c4 {[%emt 0:00:08]} e6 {[%emt 0:00:04]} 3. g3 {[%emt 0:00:05]} d5 {[%emt 0:01:51]} 4. Nf3 {[%emt 0:00:41]} dxc4 {[%emt 0:00:40]} 5. Qa4+ {[%emt 0:02:09]} Nbd7 {[%emt 0:00:30]} 6. Bg2 {[%emt 0:14:16]} a6 {[%emt 0:01:07]} 7. Nc3 {[%emt 0:33:58]} Rb8 {[%emt 0:07:38]} 8. Qxc4 {[%emt 0:09:06]} b5 {[%emt 0:03:30]} 9. Qd3 {[%emt 0:00:01]} Bb7 {[%emt 0:01:24]} 10. O-O {[%emt 0:01:20]} Be7 {[%emt 0:04:44]} 11. Bf4 {[%emt 0:00:40]} Rc8 {[%emt 0:05:34]} 12. Rfd1 {[%emt 0:01:28]} O-O {[%emt 0:08:01]} 13. Ne5 {[%emt 0:09:18]} Bxg2 {[%emt 0:12:48]} 14. Kxg2 {[%emt 0:01:02]} c5 {[%emt 0:22:16]} 15. dxc5 {[%emt 0:00:38]} Nxc5 {[%emt 0:00:56]} 16. Qf3 {[%emt 0:00:05]} Qb6 {[%emt 0:00:21]} 17. b4 {[%emt 0:01:11]} Na4 {[%emt 0:03:44]} 18. Nxa4 {[%emt 0:00:04]} bxa4 {[%emt 0:00:04]} 19. Bg5 {[%emt 0:02:56]} Qb5 {[%emt 0:02:48]} 20. Bxf6 {[%emt 0:03:26]} Bxf6 {[%emt 0:00:12]} 21. Nd7 {[%emt 0:00:04]} Bxa1 {[%emt 0:00:14]} 22. Nxf8 {[%emt 0:00:02]} Kxf8 {[%emt 0:03:38]} 23. Rxa1 {[%emt 0:00:02]} Qxb4 {[%emt 0:01:34]} 1-0

[Event "Cracovia Chess Festival A 2021"]
[Site "Cracow"]
[Date "2022.01.03"]
[Round "8.10"]
[White "Pniaczek, Marek"]
[Black "Turski, Bartlomiej"]
[Result "1/2-1/2"]
[WhiteElo "2329"]
[BlackElo "2114"]
[Annotator "ChessBase"]
[PlyCount "124"]
[EventDate "2021.12.27"]
[EventCountry "POL"]
[SourceTitle "playchess.com"]
[Source "ChessBase"]
[SourceQuality "1"]
[TimeControl "40/5400+30:1800+30"]

1. e4 {[%emt 0:00:02]} c5 {[%emt 0:00:05]} 2. Nf3 {[%emt 0:00:04]} d6 {[%emt 0:00:05]} 3. d4 {[%emt 0:00:03]} cxd4 {[%emt 0:00:03]} 4. Nxd4 {[%emt 0:00:03]} Nf6 {[%emt 0:00:07]} 5. Nc3 {[%emt 0:00:02]} Nc6 {[%emt 0:00:05]} 6. Bg5 {[%emt 0:00:04]} e6 {[%emt 0:01:21]} 7. Qd3 {[%emt 0:00:08]} Be7 {[%emt 0:00:05]} 8. O-O-O {[%emt 0:00:12]} O-O {[%emt 0:04:20]} 9. h4 {[%emt 0:00:23]} Qb6 {[%emt 0:00:31]} 10. f3 {[%emt 0:00:06]} Qxd4 {[%emt 0:03:53]} 11. Qxd4 {[%emt 0:00:05]} Nxd4 {[%emt 0:00:05]} 12. Rxd4 {[%emt 0:00:03]} Rd8 {[%emt 0:01:01]} 13. Be2 {[%emt 0:06:07]} Bd7 {[%emt 0:21:51]} 14. Rhd1 {[%emt 0:00:36]} Bc6 {[%emt 0:01:52]} 15. g4 {[%emt 0:00:50]} Kf8 {[%emt 0:02:45]} 16. Be3 {[%emt 0:03:51]} d5 {[%emt 0:15:34]} 17. g5 {[%emt 0:04:19]} Nh5 {[%emt 0:00:43]} 18. exd5 {[%emt 0:01:14]} exd5 {[%emt 0:00:09]} 19. Rg4 {[%emt 0:24:42]} f5 {[%emt 0:05:39]} 20. gxf6 {[%emt 0:04:50]} Bxf6 {[%emt 0:05:42]} 21. Nb5 {[%emt 0:15:11]} Re8 {[%emt 0:18:48]} 22. Bc5+ {[%emt 0:03:43]} Kg8 {[%emt 0:00:46]} 23. Bd3 {[%emt 0:01:44]} Bd7 {[%emt 0:02:21]} 24. Rgg1 {[%emt 0:00:31]} Be5 {[%emt 0:09:02]} 25. Nd6 {[%emt 0:12:53]} Rf8 {[%emt 0:01:15]} 26. Nxb7 {[%emt 0:00:39]} Rxf3 {[%emt 0:02:51]} 27. Be2 {[%emt 0:01:32]} Rf5 {[%emt 0:00:15]} 28. Bg4 {[%emt 0:04:31]} Nf4 {[%emt 0:00:10]} 29. Bxf5 {[%emt 0:00:24]} Bxf5 {[%emt 0:00:01]} 30. Rge1 {[%emt 0:00:59]} Bf6 {[%emt 0:01:28]} 31. Be7 {[%emt 0:05:37]} Rc8 {[%emt 0:01:43]} 32. c3 {[%emt 0:02:26]} Nd3+ {[%emt 0:00:40]} 33. Rxd3 {[%emt 0:00:06]} Bxd3 {[%emt 0:00:05]} 34. Bxf6 {[%emt 0:00:29]} gxf6 {[%emt 0:00:11]} 35. Kd2 {[%emt 0:01:58]} Bg6 {[%emt 0:00:37]} 36. Re7 {[%emt 0:03:43]} d4 {[%emt 0:01:17]} 37. cxd4 {[%emt 0:02:06]} Kf8 {[%emt 0:00:32]} 38. Re2 {[%emt 0:02:41]} Rb8 {[%emt 0:00:06]} 39. Nd6 {[%emt 0:00:27]} Rxb2+ {[%emt 0:00:38]} 40. Ke3 {[%emt 0:00:00]} Rb6 {[%emt 0:00:00]} 41. Nc8 {[%emt 0:03:51]} Re6+ {[%emt 0:06:54]} 42. Kd2 {[%emt 0:00:08]} Ra6 {[%emt 0:03:06]} 43. Ke1 {[%emt 0:06:35]} Bf5 {[%emt 0:01:42]} 44. Ne7 {[%emt 0:00:01]} Be6 {[%emt 0:00:25]} 45. d5 {[%emt 0:00:04]} Kxe7 {[%emt 0:00:50]} 46. Kf2 {[%emt 0:00:05]} Kf7 {[%emt 0:01:07]} 47. dxe6+ {[%emt 0:00:04]} Rxe6 {[%emt 0:00:06]} 48. Rc2 {[%emt 0:00:11]} Ra6 {[%emt 0:00:45]} 49. Kg3 {[%emt 0:00:34]} Kg6 {[%emt 0:00:42]} 50. Rf2 {[%emt 0:00:28]} Ra3+ {[%emt 0:00:36]} 51. Kg4 {[%emt 0:00:17]} h5+ {[%emt 0:02:20]} 52. Kf4 {[%emt 0:00:08]} Rh3 {[%emt 0:00:56]} 53. Rg2+ {[%emt 0:00:25]} Kf7 {[%emt 0:00:13]} 54. Rc2 {[%emt 0:00:47]} Rxh4+ {[%emt 0:01:38]} 55. Kf5 {[%emt 0:00:01]} Ra4 {[%emt 0:00:08]} 56. Rc7+ {[%emt 0:00:03]} Ke8 {[%emt 0:00:09]} 57. Kxf6 {[%emt 0:01:31]} Rxa2 {[%emt 0:00:12]} 58. Rh7 {[%emt 0:00:41]} Ra5 {[%emt 0:02:19]} 59. Ke6 {[%emt 0:00:29]} Kf8 {[%emt 0:00:10]} 60. Kf6 {[%emt 0:00:41]} Ra6+ {[%emt 0:01:44]} 61. Kg5 {[%emt 0:00:16]} Ra1 {[%emt 0:00:35]} 62. Kf6 {[%emt 0:01:13]} Ra6+ {[%emt 0:01:01]} 1/2-1/2

[Event "Cracovia Chess Festival A 2021"]
[Site "Cracow"]
[Date "2022.01.03"]
[Round "8.11"]
[White "Georgakopoulos, Nikolaos K."]
[Black "Chylewski, Patryk"]
[Result "0-1"]
[WhiteElo "2159"]
[BlackElo "2303"]
[Annotator "ChessBase"]
[PlyCount "102"]
[EventDate "2021.12.27"]
[EventCountry "POL"]
[SourceTitle "playchess.com"]
[Source "ChessBase"]
[SourceQuality "1"]
[TimeControl "40/5400+30:1800+30"]

1. e4 {[%emt 0:00:03]} e5 {[%emt 0:00:05]} 2. Nf3 {[%emt 0:00:06]} Nc6 {[%emt 0:00:03]} 3. Bb5 {[%emt 0:00:04]} a6 {[%emt 0:00:05]} 4. Ba4 {[%emt 0:00:04]} Nf6 {[%emt 0:00:07]} 5. d3 {[%emt 0:00:16]} b5 {[%emt 0:00:09]} 6. Bb3 {[%emt 0:00:06]} Be7 {[%emt 0:00:06]} 7. a4 {[%emt 0:00:05]} Rb8 {[%emt 0:00:14]} 8. axb5 {[%emt 0:00:37]} axb5 {[%emt 0:00:04]} 9. O-O {[%emt 0:00:05]} O-O {[%emt 0:00:08]} 10. Re1 {[%emt 0:00:07]} d6 {[%emt 0:01:23]} 11. h3 {[%emt 0:00:17]} h6 {[%emt 0:01:02]} 12. c3 {[%emt 0:10:55]} Re8 {[%emt 0:01:19]} 13. Nbd2 {[%emt 0:02:17]} Bf8 {[%emt 0:01:05]} 14. d4 {[%emt 0:13:58]} Bb7 {[%emt 0:02:23]} 15. Bc2 {[%emt 0:15:55]} Ra8 {[%emt 0:01:00]} 16. Rxa8 {[%emt 0:00:26]} Qxa8 {[%emt 0:00:16]} 17. d5 {[%emt 0:01:23]} Nb8 {[%emt 0:06:24]} 18. b3 {[%emt 0:17:36]} Nbd7 {[%emt 0:02:00]} 19. c4 {[%emt 0:02:31]} Ba6 {[%emt 0:04:22]} 20. Ba3 {[%emt 0:04:02]} Nb6 {[%emt 0:05:33]} 21. Qe2 {[%emt 0:03:56]} c6 {[%emt 0:10:42]} 22. Bd3 {[%emt 0:01:47]} bxc4 {[%emt 0:09:53]} 23. bxc4 {[%emt 0:00:32]} cxd5 {[%emt 0:03:42]} 24. cxd5 {[%emt 0:00:18]} Bxd3 {[%emt 0:00:29]} 25. Qxd3 {[%emt 0:00:05]} Qa4 {[%emt 0:01:57]} 26. Rb1 {[%emt 0:09:14]} Nfd7 {[%emt 0:02:25]} 27. Qb3 {[%emt 0:03:35]} Qa6 {[%emt 0:01:52]} 28. Rc1 {[%emt 0:00:45]} Ra8 {[%emt 0:03:58]} 29. Bb4 {[%emt 0:01:07]} Qe2 {[%emt 0:02:17]} 30. Qb1 {[%emt 0:03:56]} Na4 {[%emt 0:01:52]} 31. Rc7 {[%emt 0:01:43]} Nac5 {[%emt 0:01:26]} 32. Qe1 {[%emt 0:08:02]} Qb5 {[%emt 0:02:53]} 33. Bc3 {[%emt 0:00:01]} Nf6 {[%emt 0:01:54]} 34. Kh2 {[%emt 0:00:53]} Ra4 {[%emt 0:04:08]} 35. Nh4 {[%emt 0:00:41]} Ncxe4 {[%emt 0:01:11]} 36. Nf5 {[%emt 0:00:28]} g6 {[%emt 0:02:33]} 37. Ne3 {[%emt 0:00:28]} Nxd5 {[%emt 0:02:16]} 38. Nxd5 {[%emt 0:00:09]} Qxd5 {[%emt 0:00:04]} 39. Nxe4 {[%emt 0:00:41]} Qxe4 {[%emt 0:00:31]} 40. Qd1 {[%emt 0:00:00]} Qf4+ {[%emt 0:00:00]} 41. Kg1 {[%emt 0:00:30]} Ra2 {[%emt 0:01:40]} 42. Be1 {[%emt 0:01:43]} Qe4 {[%emt 0:03:41]} 43. Kh2 {[%emt 0:04:03]} Re2 {[%emt 0:09:42]} 44. Qb3 {[%emt 0:03:53]} Qf4+ {[%emt 0:02:59]} 45. g3 {[%emt 0:00:06]} Qf5 {[%emt 0:01:07]} 46. Qc3 {[%emt 0:01:13]} h5 {[%emt 0:02:44]} 47. h4 {[%emt 0:01:02]} Bh6 {[%emt 0:02:41]} 48. Qb4 {[%emt 0:06:59]} Rxf2+ {[%emt 0:03:17]} 49. Bxf2 {[%emt 0:01:01]} Qxf2+ {[%emt 0:00:07]} 50. Kh3 {[%emt 0:00:57]} Qf1+ {[%emt 0:00:05]} 51. Kh2 {[%emt 0:00:04]} Be3 {[%emt 0:00:08]} 0-1

[Event "Cracovia Chess Festival A 2021"]
[Site "Cracow"]
[Date "2022.01.03"]
[Round "8.12"]
[White "Dzida, Kamil"]
[Black "Lewtak, Damian"]
[Result "0-1"]
[WhiteElo "2238"]
[BlackElo "2383"]
[Annotator "ChessBase"]
[PlyCount "120"]
[EventDate "2021.12.27"]
[EventCountry "POL"]
[SourceTitle "playchess.com"]
[Source "ChessBase"]
[SourceQuality "1"]
[TimeControl "40/5400+30:1800+30"]

1. e4 {[%emt 0:00:03]} c6 {[%emt 0:00:45]} 2. d4 {[%emt 0:00:15]} d5 {[%emt 0:00:06]} 3. Nc3 {[%emt 0:00:05]} g6 {[%emt 0:00:15]} 4. h3 {[%emt 0:00:51]} dxe4 {[%emt 0:00:56]} 5. Nxe4 {[%emt 0:00:08]} Bg7 {[%emt 0:00:07]} 6. c3 {[%emt 0:03:09]} Nd7 {[%emt 0:03:11]} 7. Bd3 {[%emt 0:02:02]} Ngf6 {[%emt 0:00:21]} 8. Nf3 {[%emt 0:03:55]} Nxe4 {[%emt 0:01:22]} 9. Bxe4 {[%emt 0:00:04]} O-O {[%emt 0:00:05]} 10. O-O {[%emt 0:00:36]} e5 {[%emt 0:00:44]} 11. dxe5 {[%emt 0:08:12]} Nxe5 {[%emt 0:00:07]} 12. Nxe5 {[%emt 0:22:47]} Bxe5 {[%emt 0:00:08]} 13. Bh6 {[%emt 0:01:06]} Re8 {[%emt 0:01:25]} 14. Qxd8 {[%emt 0:00:25]} Rxd8 {[%emt 0:00:06]} 15. Rfe1 {[%emt 0:00:10]} Bf6 {[%emt 0:07:11]} 16. Rad1 {[%emt 0:07:35]} Be6 {[%emt 0:00:46]} 17. Bb1 {[%emt 0:00:50]} a5 {[%emt 0:01:44]} 18. Bc2 {[%emt 0:07:51]} Bxa2 {[%emt 0:18:01]} 19. Rxd8+ {[%emt 0:00:36]} Rxd8 {[%emt 0:00:05]} 20. Ra1 {[%emt 0:00:07]} Bc4 {[%emt 0:00:07]} 21. Rxa5 {[%emt 0:00:44]} Bg7 {[%emt 0:01:00]} 22. Be3 {[%emt 0:01:13]} h5 {[%emt 0:00:47]} 23. h4 {[%emt 0:05:46]} Bf6 {[%emt 0:10:40]} 24. g3 {[%emt 0:01:26]} Bd5 {[%emt 0:00:50]} 25. Bd1 {[%emt 0:00:26]} b5 {[%emt 0:01:07]} 26. Be2 {[%emt 0:02:46]} Rb8 {[%emt 0:02:21]} 27. Bc5 {[%emt 0:08:35]} Kg7 {[%emt 0:01:56]} 28. f3 {[%emt 0:01:34]} Rd8 {[%emt 0:08:14]} 29. Kf2 {[%emt 0:02:51]} Be6 {[%emt 0:03:06]} 30. Be3 {[%emt 0:00:49]} Re8 {[%emt 0:02:54]} 31. Ra1 {[%emt 0:02:25]} Bd5 {[%emt 0:00:30]} 32. Rd1 {[%emt 0:00:13]} Rb8 {[%emt 0:02:44]} 33. Bd4 {[%emt 0:00:44]} b4 {[%emt 0:00:57]} 34. Bxf6+ {[%emt 0:06:10]} Kxf6 {[%emt 0:00:07]} 35. Rd4 {[%emt 0:00:26]} bxc3 {[%emt 0:01:34]} 36. bxc3 {[%emt 0:00:03]} Ke5 {[%emt 0:04:56]} 37. Ke3 {[%emt 0:03:37]} Rb3 {[%emt 0:01:17]} 38. Kd2 {[%emt 0:00:57]} Rb1 {[%emt 0:02:38]} 39. g4 {[%emt 0:01:42]} hxg4 {[%emt 0:02:06]} 40. fxg4 {[%emt 0:00:00]} f5 {[%emt 0:00:00]} 41. h5 {[%emt 0:08:06]} gxh5 {[%emt 0:02:23]} 42. gxh5 {[%emt 0:04:12]} Rh1 {[%emt 0:00:10]} 43. Rb4 {[%emt 0:04:24]} Rh2 {[%emt 0:05:55]} 44. Ke1 {[%emt 0:01:38]} Be4 {[%emt 0:04:04]} 45. Rb8 {[%emt 0:02:04]} Kf4 {[%emt 0:04:07]} 46. Rg8 {[%emt 0:00:05]} Bd5 {[%emt 0:00:06]} 47. Rg7 {[%emt 0:01:43]} Ke3 {[%emt 0:02:13]} 48. Rg3+ {[%emt 0:00:05]} Ke4 {[%emt 0:00:06]} 49. Rg6 {[%emt 0:04:02]} c5 {[%emt 0:11:02]} 50. Rg7 {[%emt 0:05:01]} Ke3 {[%emt 0:05:04]} 51. Rg3+ {[%emt 0:00:10]} Kf4 {[%emt 0:00:04]} 52. Rg7 {[%emt 0:01:27]} c4 {[%emt 0:02:06]} 53. Rd7 {[%emt 0:01:30]} Be4 {[%emt 0:04:47]} 54. Rg7 {[%emt 0:00:03]} Bf3 {[%emt 0:02:14]} 55. Bxc4 {[%emt 0:09:13]} Ke3 {[%emt 0:00:57]} 56. Kf1 {[%emt 0:00:03]} Rh1+ {[%emt 0:01:16]} 57. Rg1 {[%emt 0:00:04]} Rxh5 {[%emt 0:00:58]} 58. Rg7 {[%emt 0:00:40]} Rh1+ {[%emt 0:00:08]} 59. Rg1 {[%emt 0:00:03]} Rh4 {[%emt 0:00:47]} 60. Bb5 {[%emt 0:00:55]} Rh2 {[%emt 0:00:45]} 0-1

[Event "Cracovia Chess Festival A 2021"]
[Site "Cracow"]
[Date "2022.01.03"]
[Round "8.13"]
[White "Vardanyan, Aras"]
[Black "Karolczuk, Iwo"]
[Result "1/2-1/2"]
[WhiteElo "2222"]
[BlackElo "2357"]
[Annotator "ChessBase"]
[PlyCount "111"]
[EventDate "2021.12.27"]
[EventCountry "POL"]
[SourceTitle "playchess.com"]
[Source "ChessBase"]
[SourceQuality "1"]
[TimeControl "40/5400+30:1800+30"]

1. d4 {[%emt 0:00:04]} Nf6 {[%emt 0:00:19]} 2. c4 {[%emt 0:00:06]} g6 {[%emt 0:00:17]} 3. Nc3 {[%emt 0:00:07]} Bg7 {[%emt 0:00:06]} 4. e4 {[%emt 0:00:03]} O-O {[%emt 0:01:40]} 5. h3 {[%emt 0:01:14]} c6 {[%emt 0:04:29]} 6. Nf3 {[%emt 0:01:31]} d5 {[%emt 0:00:12]} 7. e5 {[%emt 0:00:05]} Ne4 {[%emt 0:00:05]} 8. Bd3 {[%emt 0:00:04]} Nxc3 {[%emt 0:06:21]} 9. bxc3 {[%emt 0:00:07]} dxc4 {[%emt 0:00:04]} 10. Bxc4 {[%emt 0:00:05]} c5 {[%emt 0:00:30]} 11. O-O {[%emt 0:00:06]} Nc6 {[%emt 0:01:10]} 12. Ba3 {[%emt 0:00:40]} cxd4 {[%emt 0:01:55]} 13. cxd4 {[%emt 0:00:06]} Na5 {[%emt 0:23:17]} 14. Bd3 {[%emt 0:06:11]} Be6 {[%emt 0:03:13]} 15. Qe2 {[%emt 0:03:19]} Nc6 {[%emt 0:08:00]} 16. Qe3 {[%emt 0:18:49]} Bd5 {[%emt 0:02:20]} 17. Be4 {[%emt 0:05:10]} f5 {[%emt 0:07:53]} 18. Bxd5+ {[%emt 0:03:50]} Qxd5 {[%emt 0:00:09]} 19. Rfc1 {[%emt 0:03:31]} f4 {[%emt 0:13:19]} 20. Qd2 {[%emt 0:08:00]} Rad8 {[%emt 0:02:54]} 21. Rxc6 {[%emt 0:05:52]} bxc6 {[%emt 0:02:42]} 22. Bxe7 {[%emt 0:06:03]} Bxe5 {[%emt 0:01:36]} 23. Bxf8 {[%emt 0:04:04]} Kxf8 {[%emt 0:00:24]} 24. Rd1 {[%emt 0:02:58]} Bd6 {[%emt 0:01:30]} 25. Qe2 {[%emt 0:01:21]} Re8 {[%emt 0:02:03]} 26. Qc2 {[%emt 0:02:34]} Rc8 {[%emt 0:01:37]} 27. h4 {[%emt 0:01:04]} Kg7 {[%emt 0:01:24]} 28. Rc1 {[%emt 0:01:02]} Rc7 {[%emt 0:00:59]} 29. a4 {[%emt 0:01:29]} c5 {[%emt 0:01:57]} 30. dxc5 {[%emt 0:05:29]} Rxc5 {[%emt 0:00:20]} 31. Qb2+ {[%emt 0:01:52]} Be5 {[%emt 0:00:10]} 32. Qb1 {[%emt 0:00:19]} Rxc1+ {[%emt 0:00:42]} 33. Qxc1 {[%emt 0:00:14]} h6 {[%emt 0:02:35]} 34. Qc8 {[%emt 0:00:45]} a5 {[%emt 0:01:42]} 35. h5 {[%emt 0:01:11]} Bd6 {[%emt 0:04:26]} 36. Qd7+ {[%emt 0:04:07]} Kf6 {[%emt 0:00:28]} 37. Qd8+ {[%emt 0:00:45]} Kg7 {[%emt 0:00:08]} 38. hxg6 {[%emt 0:00:52]} Kxg6 {[%emt 0:00:17]} 39. Qd7 {[%emt 0:00:38]} Qd1+ {[%emt 0:02:47]} 40. Kh2 {[%emt 0:00:00]} Qd5 {[%emt 0:00:00]} 41. Nh4+ {[%emt 0:03:40]} Kf6 {[%emt 0:04:11]} 42. Qd8+ {[%emt 0:02:20]} Kf7 {[%emt 0:05:36]} 43. Qd7+ {[%emt 0:02:44]} Kf6 {[%emt 0:00:10]} 44. Qe8 {[%emt 0:01:03]} Qg5 {[%emt 0:01:40]} 45. Qh8+ {[%emt 0:00:49]} Ke6 {[%emt 0:01:21]} 46. Qc8+ {[%emt 0:00:59]} Kd5 {[%emt 0:03:07]} 47. Nf3 {[%emt 0:00:41]} Qh5+ {[%emt 0:00:25]} 48. Kg1 {[%emt 0:00:06]} Bb4 {[%emt 0:01:10]} 49. Qb8 {[%emt 0:02:16]} Qf7 {[%emt 0:13:16]} 50. Qb5+ {[%emt 0:02:17]} Kd6 {[%emt 0:02:28]} 51. Qb6+ {[%emt 0:00:47]} Kd5 {[%emt 0:00:54]} 52. Qxh6 {[%emt 0:01:57]} Qf5 {[%emt 0:00:50]} 53. Qh8 {[%emt 0:01:39]} Kc4 {[%emt 0:02:05]} 54. Qd4+ {[%emt 0:02:47]} Kb3 {[%emt 0:00:11]} 55. Qa1 {[%emt 0:06:16]} Bc3 {[%emt 0:00:43]} 56. Nd4+ {[%emt 0:00:34]} 1/2-1/2

[Event "Cracovia Chess Festival A 2021"]
[Site "Cracow"]
[Date "2022.01.03"]
[Round "8.14"]
[White "Danielyan, Vahe"]
[Black "Luczak, Filip"]
[Result "1-0"]
[WhiteElo "2332"]
[BlackElo "2273"]
[Annotator "ChessBase"]
[PlyCount "99"]
[EventDate "2021.12.27"]
[EventCountry "POL"]
[SourceTitle "playchess.com"]
[Source "ChessBase"]
[SourceQuality "1"]
[TimeControl "40/5400+30:1800+30"]

1. e4 {[%emt 0:00:07]} e6 {[%emt 0:01:39]} 2. d4 {[%emt 0:00:14]} d5 {[%emt 0:00:03]} 3. Nc3 {[%emt 0:00:06]} Bb4 {[%emt 0:00:04]} 4. e5 {[%emt 0:00:03]} Qd7 {[%emt 0:00:04]} 5. a3 {[%emt 0:00:08]} Bxc3+ {[%emt 0:00:16]} 6. bxc3 {[%emt 0:00:05]} b6 {[%emt 0:00:07]} 7. Nf3 {[%emt 0:00:07]} Ba6 {[%emt 0:06:35]} 8. Bxa6 {[%emt 0:00:04]} Nxa6 {[%emt 0:00:01]} 9. a4 {[%emt 0:00:04]} Nb8 {[%emt 0:07:36]} 10. O-O {[%emt 0:00:26]} Nc6 {[%emt 0:00:57]} 11. Ba3 {[%emt 0:00:01]} Na5 {[%emt 0:03:39]} 12. Nd2 {[%emt 0:00:02]} Nh6 {[%emt 0:04:38]} 13. f4 {[%emt 0:02:05]} Nf5 {[%emt 0:04:29]} 14. Qe2 {[%emt 0:01:28]} h5 {[%emt 0:03:05]} 15. Bb4 {[%emt 0:12:07]} Nc6 {[%emt 0:10:56]} 16. Ba3 {[%emt 0:00:02]} Na5 {[%emt 0:01:11]} 17. Rfb1 {[%emt 0:00:15]} Qc6 {[%emt 0:06:02]} 18. Bb4 {[%emt 0:03:16]} Nc4 {[%emt 0:04:05]} 19. Nxc4 {[%emt 0:00:04]} dxc4 {[%emt 0:00:10]} 20. a5 {[%emt 0:01:27]} b5 {[%emt 0:03:55]} 21. a6 {[%emt 0:01:45]} Qd5 {[%emt 0:04:30]} 22. Kf2 {[%emt 0:04:21]} c6 {[%emt 0:02:04]} 23. Bc5 {[%emt 0:02:47]} Kd7 {[%emt 0:04:10]} 24. g3 {[%emt 0:02:05]} Kc7 {[%emt 0:11:26]} 25. Rg1 {[%emt 0:01:24]} g6 {[%emt 0:01:15]} 26. Qf3 {[%emt 0:06:10]} Qxf3+ {[%emt 0:00:24]} 27. Kxf3 {[%emt 0:00:03]} Kd7 {[%emt 0:00:10]} 28. h3 {[%emt 0:00:39]} Ne7 {[%emt 0:01:10]} 29. Ke2 {[%emt 0:02:42]} Nd5 {[%emt 0:00:17]} 30. Kd2 {[%emt 0:00:24]} Rh7 {[%emt 0:06:07]} 31. Rgf1 {[%emt 0:00:19]} Nb6 {[%emt 0:01:46]} 32. Ke2 {[%emt 0:03:18]} Rb8 {[%emt 0:03:09]} 33. Rf3 {[%emt 0:01:15]} Rd8 {[%emt 0:01:57]} 34. Raf1 {[%emt 0:01:21]} Na4 {[%emt 0:04:59]} 35. Bb4 {[%emt 0:02:40]} Kc8 {[%emt 0:01:25]} 36. g4 {[%emt 0:00:23]} hxg4 {[%emt 0:00:17]} 37. hxg4 {[%emt 0:00:03]} c5 {[%emt 0:01:56]} 38. Ba5 {[%emt 0:07:12]} Rd5 {[%emt 0:01:31]} 39. f5 {[%emt 0:00:04]} gxf5 {[%emt 0:00:31]} 40. gxf5 {[%emt 0:00:00]} cxd4 {[%emt 0:00:00]} 41. cxd4 {[%emt 0:02:51]} Rxd4 {[%emt 0:14:27]} 42. fxe6 {[%emt 0:01:05]} Re4+ {[%emt 0:00:13]} 43. Kf2 {[%emt 0:00:39]} f5 {[%emt 0:15:39]} 44. exf6 {[%emt 0:00:48]} Nc5 {[%emt 0:00:38]} 45. f7 {[%emt 0:00:08]} Nxe6 {[%emt 0:00:12]} 46. Rd1 {[%emt 0:00:16]} Rh2+ {[%emt 0:02:31]} 47. Kg1 {[%emt 0:00:25]} Rh8 {[%emt 0:00:51]} 48. f8=Q+ {[%emt 0:00:19]} Rxf8 {[%emt 0:00:06]} 49. Rxf8+ {[%emt 0:00:06]} Nxf8 {[%emt 0:00:03]} 50. Rd8# {[%emt 0:00:05]} 1-0